Reprezentacje, które najwięcej razy przegrały z Polską - Statystyki

Ogólne statystyki
  • Ten quiz został rozwiązany 695 razy
    250 od ostatniego zresetowania
  • Średni wynik to 9 z 13
Statystyki odpowiedzi
Porażki z Polską Reprezentacja % Poprawnych
10 San Marino
89%
23 Finlandia
82%
10 Węgry
80%
12 Łotwa
77%
12 Norwegia
73%
9 Szwecja
73%
11 Irlandia
69%
12 Bułgaria
68%
10 Serbia (w tym jako Jugosławia)
68%
12 Grecja
64%
10 Albania
57%
12 Turcja
54%
10 NRD
17%
Nie znaleziono quizów pasujących do podanych kryteriów
Rozkład punktacji
Procent ludzi z każdym wynikiem
Percentyl według liczby udzielonych odpowiedzi
Twoja historia wyników
Nie rozwiązałeś tego quizu od ostatniego zresetowania